000 00811nam a2200277Ia 4500
003 OSt
005 20221005062125.0
006 a|||||r|||| 00| 0
007 ta
008 221004b |||||||| |||| 00| 0 eng d
020 _a978138898851 (hbk)
_cUKP 150.00
024 _a34477
037 _b1386, 30/08/2017, Bright Book Service
_cTextual
040 _aCRL
_cCRL
_beng
041 _2eng
_aeng
082 _aVz7, Q7
100 _aCaferro William Ed.
245 0 _aRoutledge history of the renaissance
260 _aLondon
_bRoutledge UK
_c2017
300 _axv,413p.
_ccm.
490 _aThe routledge histories
650 _a RENAISSANCE
650 _aHISTORY
942 _hVz7, Q7
_cTEXL
_2cc
999 _c969206
_d969206